The rooster who forgot how to crow

Bibliographic Details
Main Author: Naima Gany Shaik Dawood
Corporate Authors: Series, Title
Format: Book
Published: Selangor : Nikaz publication , 2006
Series:Farmer Roy's tenants
Subjects:

MARC

LEADER 00000cam a2200000 7i4500
001 0000001692
005 20220105103925.0
008 070706
020 |a 9831881508(set) 
020 |a 9831881532 
090 0 0 |a JP   |b ENG (2149) 
100 0 |a Naima Gany Shaik Dawood 
245 1 4 |a The rooster who forgot how to crow   |c Naima Gany Shaik Dawood 
260 |a Selangor :   |b Nikaz publication ,   |c 2006 
440 0 |a Farmer Roy's tenants 
500 |a Children age 4-6 years old (yellow) 
650 0 |a Animals   |x Fiction 
650 0 |a Children stories, English 
710 0 |a Series 
710 0 |a Title 
999 |a 0000947832   |b Book   |c Children Collection   |e Cawangan Segamat 
999 |a 0000947833   |b Book   |c Children Collection   |e Cawangan Segamat 
999 |a 0000962544   |b Book   |c Children Collection   |e Cawangan Bandar Tenggara 
999 |a 0000962546   |b Book   |c Children Collection   |e Perbadanan Perpustakaan Awam Johor 
999 |a 0000962547   |b Book   |c Children Collection   |e Cawangan Sri Merlong 
999 |a 0000962549   |b Book   |c Children Collection   |e Cawangan Bandar Tenggara 
999 |a 0000963380   |b Book   |c Children Collection   |e Cawangan Taman Universiti 
999 |a 0000963382   |b Book   |c Children Collection   |e Cawangan Segamat 
999 |a 0001147786   |b Book   |c Children Collection   |e Cawangan Tangkak 
999 |a 0001147787   |b Book   |c Children Collection   |e Cawangan Bukit Gambir 
999 |a 0001147788   |b Book   |c Children Collection   |e Cawangan Bandar Penawar 
999 |a 0001147789   |b Book   |c Children Collection   |e Cawangan Tmn. Ungku Tun Aminah 
999 |a 0001147846   |b Book   |c Children Collection   |e Cawangan Pontian